| 000 | 01113cam a22003134a 4500 | ||
|---|---|---|---|
| 999 |
_c3680 _d3680 |
||
| 001 | 12169375 | ||
| 003 | Nust | ||
| 005 | 20170105101222.0 | ||
| 008 | 000911s2001 nyuab b 001 0 eng | ||
| 010 | _a 00048078 | ||
| 020 | _a0393975177 | ||
| 040 |
_aDLC _cDLC _dDLC |
||
| 042 | _apcc | ||
| 043 | _ad------ | ||
| 050 | 0 | 0 |
_aHC59.7 _b.E314 2001 |
| 082 | 0 | 0 |
_a338.9 _221 |
| 245 | 0 | 0 |
_aEconomics of development / _cDwight H. Perkins ... [et al.]. |
| 250 | _a5th ed. | ||
| 260 |
_aNew York, N.Y. : _bW. W. Norton & Co., _cc2001. |
||
| 300 |
_axxi, 761, A60 p. : _bill., col. maps ; _c24 cm. |
||
| 500 | _aFive col. maps on endpapers. | ||
| 504 | _aIncludes bibliographical references (p. [A1]-A29) and index. | ||
| 650 | 0 | _aEconomic development. | |
| 651 | 0 |
_aDeveloping countries _xEconomic policy. |
|
| 700 | 1 |
_aPerkins, Dwight H. _q(Dwight Heald), _d1934- |
|
| 906 |
_a7 _bcbc _corignew _d1 _eocip _f20 _gy-gencatlg |
||
| 942 |
_2ddc _cBK |
||